00901nam a2200241 a 4500001001000000005001700010008004100027020001500068040001300083050002400096245010100120260004000221300004200261500004200303504003100345610005700376650003500433650006800468650002800536651005300564700002200617700002000639BRCA_177420190320203537.0991104s1997 mx-a---##b---#000-0#spa-# a9687637188 aDLCcDLC 4aNA757.M4b.A58 199710aAntigüo Colegio de San IldefonsocElisa Vargaslugo ... [et al.] ; fotografía Bob Schalkwijk. aMéxicobNacional Financierac1997 a165 p.bil. (algunas a color)c31 cm. aColección Sonia Corcuera de Mancera aBibliografía: p. 164-16524aAntigüo Colegio de San Ildefonso (Museo)zMéxico14aArquitectura barrocazMéxico14aMonumentos históricosxRemodelación para otro usozMéxico14apintura muralzMéxico 4aCiudad de MéxicoxEdificios, estructuras, etc.1 aVargaslugo, Elisa1 aSchalkwijk, Bob